[Event "CYCC U08"]
[Site "Windsor CAN"]
[Date "2016.07.07"]
[Round "5.126"]
[White "Duong, Eric"]
[Black "Yuan, Daniel"]
[Result "0-1"]
[WhiteElo "754"]
[BlackElo "855"]
[PlyCount "132"]
[EventDate "2016.07.05"]
[EventType "swiss"]
[EventRounds "7"]
[EventCountry "CAN"]

1. d4 Nf6 2. Nf3 g6 3. Bf4 d6 4. e3 Bg7 5. Bd3 O-O 6. c3 Nc6 7. Nbd2 Nd5 8. Bg3
Bg4 9. Qb3 Nb6 10. h3 Bxf3 11. Nxf3 e5 12. Be4 Qf6 13. Bh4 Qe6 14. Qxe6 fxe6
15. Ng5 Rae8 16. Rc1 d5 17. Bd3 exd4 18. cxd4 e5 19. O-O exd4 20. e4 dxe4 21.
Nxe4 Ne5 22. Rfd1 Rf4 23. Bg3 Nxd3 24. Bxf4 Nxc1 25. Rxc1 Rxe4 26. Bd2 Re2 27.
Be1 d3 28. Rd1 Nc4 29. Bb4 d2 30. b3 Nb2 31. Rxd2 Rxd2 32. Bxd2 Kf7 33. Kf1 Ke6
34. Be3 b6 35. Ke2 Kd5 36. g4 Ke4 37. f3+ Ke5 38. Bd2 Kd5 39. h4 h5 40. gxh5
gxh5 41. Ke3 c5 42. f4 c4 43. bxc4+ Nxc4+ 44. Kd3 Nxd2 45. Kxd2 Ke4 46. f5 Kxf5
47. Kd3 Kg4 48. Kc4 Kxh4 49. Kb5 Kg5 50. Ka6 h4 51. Kxa7 h3 52. a4 h2 53. Kxb6
h1=Q 54. a5 Bd4+ 55. Kb5 Qf1+ 56. Kc6 Qa6+ 57. Kd5 Qxa5+ 58. Kxd4 Qb5 59. Kc3
Qd5 60. Kb4 Qc6 61. Ka5 Qb7 62. Ka4 Qb6 63. Ka3 Qb5 64. Ka2 Qb4 65. Ka1 Kf4 66.
Ka2 Ke4 0-1

[Event "CYCC U08"]
[Site "Windsor CAN"]
[Date "2016.07.07"]
[Round "5.127"]
[White "Ho, Emmett"]
[Black "Zheng, Leon"]
[Result "0-1"]
[WhiteElo "664"]
[BlackElo "604"]
[PlyCount "54"]
[EventDate "2016.07.05"]
[EventType "swiss"]
[EventRounds "7"]
[EventCountry "CAN"]

1. e4 e5 2. Nf3 Nc6 3. Nc3 Bb4 4. g3 d6 5. Bg2 Nf6 6. O-O Be6 7. Ng5 Nd4 8.
Nxe6 Nxe6 9. d3 O-O 10. Be3 c6 11. Bh3 Re8 12. Bxe6 Rxe6 13. h3 Bxc3 14. bxc3
d5 15. exd5 Nxd5 16. Qd2 e4 17. dxe4 Rxe4 18. Qe1 Nxe3 19. fxe3 Qb6 20. Qe2
Rxe3 21. Qd1 Re2+ 22. Qd4 Qb5 23. Rad1 h6 24. Qd8+ Rxd8 25. Rxd8+ Kh7 26. Rfd1
Qb6+ 27. Kf1 Qf2# 0-1

[Event "CYCC U08"]
[Site "Windsor CAN"]
[Date "2016.07.08"]
[Round "6.129"]
[White "Boucher, Samuel"]
[Black "Duong, Eric"]
[Result "0-1"]
[WhiteElo "647"]
[BlackElo "754"]
[PlyCount "88"]
[EventDate "2016.07.05"]
[EventType "swiss"]
[EventRounds "7"]
[EventCountry "CAN"]

1. e4 c5 2. d3 Nc6 3. Nc3 Qb6 4. Be2 Nd4 5. Nd5 Qd6 6. Nf3 Nxe2 7. Qxe2 e6 8.
Nc3 g6 9. O-O Bg7 10. e5 Qc7 11. Bf4 Qa5 12. Rfd1 Ne7 13. Bg5 Nc6 14. Nh4 Nxe5
15. Rd2 d5 16. a4 d4 17. Ne4 O-O 18. Ra3 f5 19. b4 Qxb4 20. Rb3 Qxa4 21. Nxc5
Qc6 22. Rc3 dxc3 23. Rd1 Qxc5 24. d4 Qa5 25. Qe1 Nc4 26. Ra1 Qc7 27. f4 h6 28.
Be7 Qxe7 29. Ra4 b5 30. Nxg6 Qe8 31. Ra6 Bxa6 32. d5 Qxg6 33. Qh4 Ne3 34. Kf2
Nxd5 35. Qg3 Qxg3+ 36. hxg3 Nb4 37. Ke3 Nxc2+ 38. Kf3 Nb4 39. g4 c2 40. g5 c1=Q
41. Kg3 Qe3+ 42. Kh2 Qxf4+ 43. Kg1 Rac8 44. Kh1 Rc1# 0-1

[Event "CYCC U08"]
[Site "Windsor CAN"]
[Date "2016.07.08"]
[Round "6.130"]
[White "Deng, Henry"]
[Black "Ho, Emmett"]
[Result "0-1"]
[WhiteElo "1050"]
[BlackElo "664"]
[PlyCount "42"]
[EventDate "2016.07.05"]
[EventType "swiss"]
[EventRounds "7"]
[EventCountry "CAN"]

1. e4 e5 2. Bc4 Nf6 3. Nf3 Nxe4 4. Nxe5 d5 5. d3 dxc4 6. dxc4 Qg5 7. O-O Qxe5
8. Be3 Qf6 9. c5 Qg6 10. g3 Bh3 11. Re1 Qf6 12. Qe2 Qd8 13. Nc3 Nxc3 14. bxc3
b6 15. cxb6 axb6 16. Bg5+ Be7 17. Bf4 Nd7 18. Rad1 Ra7 19. Bg5 O-O 20. Bxe7 Qa8
21. Bxf8 Qg2# 0-1

[Event "CYCC U08"]
[Site "Windsor CAN"]
[Date "2016.07.08"]
[Round "6.131"]
[White "Taylor, Aiden"]
[Black "Puri, Arjun"]
[Result "1-0"]
[WhiteElo "582"]
[BlackElo "565"]
[PlyCount "31"]
[EventDate "2016.07.05"]
[EventType "swiss"]
[EventRounds "7"]
[EventCountry "CAN"]

1. e4 e5 2. Nf3 Nc6 3. Bc4 Nf6 4. O-O Bc5 5. Ng5 Ng4 6. Qxg4 f6 7. Bf7+ Kf8 8.
Qh5 fxg5 9. Be8 Qe7 10. Nc3 Qe6 11. Nd5 Nd4 12. Nxc7 Ne2+ 13. Qxe2 Rb8 14.
Nxe6+ Kg8 15. Qf3 Be7 16. Qf7# 1-0

[Event "CYCC U08"]
[Site "Windsor CAN"]
[Date "2016.07.08"]
[Round "6.116"]
[White "Chang, Alexander RZ"]
[Black "Wang, Daniel"]
[Result "1/2-1/2"]
[WhiteElo "886"]
[BlackElo "1144"]
[PlyCount "110"]
[EventDate "2016.07.05"]
[EventType "swiss"]
[EventRounds "7"]
[EventCountry "CAN"]

1. e4 c5 2. Nf3 d6 3. d4 cxd4 4. Nxd4 Nf6 5. Nc3 g6 6. Be3 a6 7. f3 b5 8. Qd2
Bb7 9. O-O-O Nbd7 10. g4 h6 11. h4 b4 12. Nce2 e5 13. Nb3 a5 14. Na1 d5 15. h5
g5 16. Rg1 d4 17. Bf2 a4 18. Kb1 Nb6 19. Nc1 Rc8 20. Bg3 Bd6 21. Bf2 Bc5 22.
Nd3 Nc4 23. Qe1 Qc7 24. Nxb4 Qb6 25. a3 Ba6 26. Ka2 Rb8 27. c3 Nxb2 28. Rb1
Bxf1 29. Qxf1 Qe6+ 30. Nd5 Nxd5 31. exd5 Qxd5+ 32. c4 Qb7 33. Qc1 Qxf3 34. Rxb2
Qxa3+ 35. Kb1 Qd3+ 36. Qc2 Qxc2+ 37. Kxc2 d3+ 38. Kxd3 Rxb2 39. Bxc5 Kd7 40.
Kc3 Rb7 41. Ba3 Rhb8 42. Rd1+ Ke8 43. Bd6 Rd8 44. c5 Rbd7 45. Kc4 f6 46. Kd5
Kf7 47. Nc2 f5 48. gxf5 Kf6 49. Rf1 g4 50. Ne3 g3 51. Rg1 Kg5 52. Rxg3+ Kxh5
53. Ng4 Kh4 54. Nxe5 Rxd6+ 55. cxd6 Kxg3 1/2-1/2

[Event "CYCC U08"]
[Site "Windsor CAN"]
[Date "2016.07.08"]
[Round "6.117"]
[White "Xu, Daniel"]
[Black "Zhong, Kevin"]
[Result "0-1"]
[WhiteElo "1519"]
[BlackElo "1335"]
[PlyCount "50"]
[EventDate "2016.07.05"]
[EventType "swiss"]
[EventRounds "7"]
[EventCountry "CAN"]

1. e4 c5 2. Nf3 Nc6 3. Nc3 g6 4. Bc4 Bg7 5. O-O e6 6. Re1 a6 7. a3 Nge7 8. d3
O-O 9. Bd2 d5 10. exd5 exd5 11. Ba2 Be6 12. Ng5 Bf5 13. Qf3 Nd4 14. Qd1 h6 15.
Nf3 Bg4 16. Kh1 Qd6 17. Rc1 Rad8 18. Nb1 Bh5 19. Bc3 Nxf3 20. gxf3 d4 21. Bd2
Qf6 22. Kg1 Bxf3 23. Re2 Qf5 24. Kf1 Qh3+ 25. Ke1 Qg2 0-1

[Event "CYCC U08"]
[Site "Windsor CAN"]
[Date "2016.07.08"]
[Round "6.118"]
[White "Ripley, Sam"]
[Black "Yuen, Noah"]
[Result "0-1"]
[WhiteElo "697"]
[BlackElo "1072"]
[PlyCount "154"]
[EventDate "2016.07.05"]
[EventType "swiss"]
[EventRounds "7"]
[EventCountry "CAN"]

1. e4 c5 2. Nf3 Nc6 3. Nc3 d6 4. Bb5 Nf6 5. d3 e6 6. Bg5 Be7 7. O-O O-O 8. Bxc6
bxc6 9. e5 Nd5 10. Bxe7 Qxe7 11. Nxd5 cxd5 12. exd6 Qxd6 13. Ng5 h6 14. Nf3 Rb8
15. b3 d4 16. Qd2 Bb7 17. Qe2 Qc6 18. Rfc1 Rfe8 19. Kh1 e5 20. Rg1 e4 21. Nd2
exd3 22. Qxd3 Ba6 23. c4 dxc3 24. Qxc3 Rbd8 25. b4 Re2 26. Nf3 Rxf2 27. Qxc5
Qxc5 28. bxc5 Bb7 29. Rgf1 Rc2 30. Rac1 Rxa2 31. Ra1 Rxa1 32. Rxa1 Bxf3 33.
gxf3 Rc8 34. Rxa7 Rxc5 35. Kg2 Rf5 36. Ra8+ Kh7 37. h4 Kg6 38. Ra6+ Rf6 39. Ra5
Rf4 40. Kg3 Rd4 41. h5+ Kf6 42. f4 Ke6 43. Kg4 Rd5 44. f5+ Ke5 45. Ra7 Kf6 46.
Ra6+ Ke7 47. Kf4 Rd6 48. Ra5 Kf6 49. Re5 Rd4+ 50. Re4 Rxe4+ 51. Kxe4 Kg5 52.
Ke5 Kxh5 53. Kf4 f6 54. Ke4 Kg5 55. Kf3 Kxf5 56. Kg3 g5 57. Kh3 g4+ 58. Kg3 Kg5
59. Kg2 Kf4 60. Kf2 h5 61. Kg2 h4 62. Kh2 Kf3 63. Kg1 h3 64. Kh1 Ke2 65. Kh2 f5
66. Kg3 f4+ 67. Kxg4 f3 68. Kxh3 f2 69. Kg2 f1=Q+ 70. Kg3 Qf3+ 71. Kh4 Qg2 72.
Kh5 Qg3 73. Kh6 Kf3 74. Kh5 Kf4 75. Kh6 Kf5 76. Kh7 Kf6 77. Kh8 Qg7# 0-1

[Event "CYCC U08"]
[Site "Windsor CAN"]
[Date "2016.07.08"]
[Round "6.119"]
[White "Ning, Eric"]
[Black "Puri, Aryan"]
[Result "1-0"]
[WhiteElo "1634"]
[BlackElo "724"]
[PlyCount "55"]
[EventDate "2016.07.05"]
[EventType "swiss"]
[EventRounds "7"]
[EventCountry "CAN"]

1. d4 d5 2. c4 Nf6 3. cxd5 Nxd5 4. e4 Nf6 5. Nc3 e6 6. Nf3 Nc6 7. Bg5 Bb4 8. e5
Be7 9. exf6 Bxf6 10. Bxf6 Qxf6 11. Bb5 O-O 12. Bxc6 bxc6 13. O-O Ba6 14. Re1
Rfe8 15. Ne5 Bb7 16. Ne4 Qf5 17. Nc5 Bc8 18. Qa4 Rb8 19. Qxc6 Rf8 20. b3 Rb6
21. Qxc7 Rb4 22. Rad1 a6 23. Nc6 Rb5 24. Ne7+ Kh8 25. Nxf5 exf5 26. Qxf7 Rg8
27. Re8 h6 28. Qxg8# 1-0

[Event "CYCC U08"]
[Site "Windsor CAN"]
[Date "2016.07.08"]
[Round "6.120"]
[White "Chandra, Anand Rishi"]
[Black "Locham, Divjot"]
[Result "1-0"]
[WhiteElo "1310"]
[BlackElo "698"]
[PlyCount "111"]
[EventDate "2016.07.05"]
[EventType "swiss"]
[EventRounds "7"]
[EventCountry "CAN"]

1. e4 e5 2. Nf3 Nc6 3. Bc4 Be7 4. c3 Nf6 5. d3 O-O 6. O-O d6 7. h3 h6 8. Be3
Be6 9. Bb3 a6 10. Nbd2 Re8 11. d4 exd4 12. cxd4 d5 13. e5 Ne4 14. Rc1 Nb4 15.
Qe2 Nc6 16. a3 Na5 17. Ba2 Bd7 18. Qd1 Bb5 19. Re1 c6 20. Qc2 Nxd2 21. Nxd2 Rc8
22. a4 Bc4 23. Bxc4 dxc4 24. Nxc4 Nxc4 25. Qxc4 b5 26. axb5 axb5 27. Qd3 Bb4
28. Red1 Rc7 29. Qe4 Bd6 30. Rxc6 Rxc6 31. Qxc6 Bxe5 32. Qxb5 f6 33. Qb3+ Kh8
34. dxe5 Qb8 35. Qxb8 Rxb8 36. e6 Re8 37. Rd6 Kg8 38. Bc5 Kf8 39. Rd7+ Kg8 40.
e7 Kf7 41. Rd8 g5 42. Kf1 h5 43. Ke2 g4 44. hxg4 hxg4 45. Kd3 f5 46. Kd4 f4 47.
Ke5 f3 48. gxf3 gxf3 49. Rxe8 Kxe8 50. Kf6 Kd7 51. Kf7 Kc7 52. e8=Q Kb7 53. Qe6
Kc7 54. Qb6+ Kd7 55. Qb7+ Kd8 56. Be7# 1-0

[Event "CYCC U08"]
[Site "Windsor CAN"]
[Date "2016.07.08"]
[Round "6.121"]
[White "Zhang, Angus"]
[Black "Guo, Yu Chen"]
[Result "0-1"]
[WhiteElo "1031"]
[BlackElo "495"]
[PlyCount "68"]
[EventDate "2016.07.05"]
[EventType "swiss"]
[EventRounds "7"]
[EventCountry "CAN"]

1. e4 e5 2. Nf3 Nc6 3. Bc4 Bc5 4. Nc3 Nf6 5. d3 d6 6. h3 a6 7. Bg5 Ba7 8. Nd5
h6 9. Bh4 g5 10. Bg3 Na5 11. O-O Nxc4 12. dxc4 c6 13. Nc3 Be6 14. b3 Qd7 15.
Nh2 h5 16. Nf3 g4 17. Ng5 h4 18. Bh2 g3 19. Nxe6 gxh2+ 20. Kxh2 Qxe6 21. Qe2
Rg8 22. f3 Nh5 23. Qe1 Qg6 24. g4 Qf6 25. gxh5 Qf4+ 26. Kh1 Bd4 27. Rd1 Bxc3
28. Qxc3 Qg3 29. Rf2 Qxf2 30. Qd2 Qxf3+ 31. Kh2 Qg3+ 32. Kh1 Qxh3+ 33. Qh2 Qf3+
34. Qg2 Qxg2# 0-1

[Event "CYCC U08"]
[Site "Windsor CAN"]
[Date "2016.07.08"]
[Round "6.122"]
[White "Li, Adam"]
[Black "Li, Eric M"]
[Result "1-0"]
[WhiteElo "414"]
[BlackElo "947"]
[PlyCount "75"]
[EventDate "2016.07.05"]
[EventType "swiss"]
[EventRounds "7"]
[EventCountry "CAN"]

1. e4 e5 2. Nf3 Nc6 3. Bc4 Bc5 4. c3 Nf6 5. O-O O-O 6. d4 exd4 7. cxd4 Bb6 8.
Nc3 d6 9. Re1 Bg4 10. h3 Bh5 11. Bf4 Nxd4 12. Be2 Nxe2+ 13. Qxe2 Re8 14. Qd3
Qd7 15. Nd4 Bg6 16. Bg5 c6 17. Bxf6 gxf6 18. Nf5 d5 19. Nh6+ Kh8 20. Qd2 Rad8
21. Rad1 d4 22. Ne2 Rxe4 23. Ng3 Rxe1+ 24. Rxe1 Kg7 25. Kh1 Qe7 26. h4 c5 27.
h5 Ba5 28. Ngf5+ Kh8 29. hxg6 fxg6 30. Nf7+ Qxf7 31. Qxa5 Re8 32. Rxe8+ Qxe8
33. Nd6 Qc6 34. Qd8+ Kg7 35. Ne8+ Kf7 36. Nd6+ Ke6 37. Nc4 Qa4 38. Qg8+ 1-0

[Event "CYCC U08"]
[Site "Windsor CAN"]
[Date "2016.07.08"]
[Round "6.123"]
[White "Vo, Phu"]
[Black "Yuan, Daniel"]
[Result "1-0"]
[WhiteElo "1357"]
[BlackElo "855"]
[PlyCount "89"]
[EventDate "2016.07.05"]
[EventType "swiss"]
[EventRounds "7"]
[EventCountry "CAN"]

1. f4 Nc6 2. Nf3 Nf6 3. Nc3 d6 4. e3 e5 5. fxe5 Nxe5 6. Be2 Be7 7. O-O O-O 8.
Nxe5 dxe5 9. d4 Bd6 10. dxe5 Bxe5 11. Qd3 Be6 12. Bf3 c6 13. Qxd8 Raxd8 14. e4
Bd4+ 15. Kh1 Bc4 16. Rd1 Bf2 17. Bg5 Rxd1+ 18. Rxd1 Ne8 19. Be7 b5 20. Bxf8
Kxf8 21. Rd7 a5 22. b3 Be6 23. Rb7 Bc8 24. Rb8 Bd7 25. Nd1 Bc5 26. Rb7 Bc8 27.
Rb8 Bd7 28. Ra8 Bb6 29. c4 b4 30. c5 Bxc5 31. Rxa5 Bb6 32. Ra8 c5 33. a4 bxa3
34. Rxa3 Nc7 35. h3 Nb5 36. Ra8+ Ke7 37. Bg4 Bxg4 38. hxg4 Nc7 39. Rc8 Kd7 40.
Rh8 h6 41. Rg8 g5 42. Rh8 Ne6 43. Rxh6 Ke7 44. Nc3 Nf4 45. Rxb6 1-0

[Event "CYCC U08"]
[Site "Windsor CAN"]
[Date "2016.07.08"]
[Round "6.126"]
[White "Liu, Henry"]
[Black "Hodgson, Trent"]
[Result "0-1"]
[WhiteElo "740"]
[BlackElo "544"]
[PlyCount "56"]
[EventDate "2016.07.05"]
[EventType "swiss"]
[EventRounds "7"]
[EventCountry "CAN"]

1. e4 e5 2. Qh5 Nf6 3. Qxe5+ Be7 4. d3 Ng4 5. Qf4 d6 6. Be2 Ne5 7. Bd2 Qd7 8.
d4 Ng6 9. Qf3 Qc6 10. b3 Qxc2 11. Bd3 Qb2 12. Bc3 Qc1+ 13. Qd1 Qxd1+ 14. Kxd1
O-O 15. Na3 Nf4 16. Bc4 Be6 17. Bxe6 Nxe6 18. d5 Nf4 19. g3 Nh5 20. g4 Nf4 21.
Bd2 Bf6 22. Rb1 Nd3 23. Ke2 Nc5 24. b4 Nxe4 25. Bc1 Nc3+ 26. Kd2 Nxb1+ 27. Nxb1
Na6 28. b5 Nb4 {...} 0-1

[Event "CYCC U08"]
[Site "Windsor CAN"]
[Date "2016.07.08"]
[Round "6.127"]
[White "Chen, Andrew"]
[Black "Baweja, Aayan"]
[Result "1-0"]
[WhiteElo "799"]
[BlackElo "473"]
[PlyCount "131"]
[EventDate "2016.07.05"]
[EventType "swiss"]
[EventRounds "7"]
[EventCountry "CAN"]

1. e4 e5 2. Nf3 Nc6 3. Bb5 Nf6 4. Bxc6 bxc6 5. Nxe5 Nxe4 6. Qe2 d5 7. Nxc6 Qf6
8. Na5 g6 9. d3 Bf5 10. dxe4 dxe4 11. O-O Bg7 12. Qb5+ Bd7 13. Qc4 O-O 14. Qxe4
Rfe8 15. Qc4 Rac8 16. Nc3 Re5 17. b4 Rce8 18. Bb2 Qe7 19. Nd5 Qe6 20. Bxe5 Bxe5
21. Rad1 c6 22. Ne3 Qxc4 23. Naxc4 Be6 24. Nxe5 Bxa2 25. Nxc6 a6 26. Rd8 Rf8
27. Ne7+ Kg7 28. Rxf8 Kxf8 29. c4 Kxe7 30. Rc1 Kd7 31. c5 Kc8 32. Nd5 Bxd5 33.
c6 h5 34. h4 f5 35. Kh2 f4 36. Kh3 Be6+ 37. Kh2 Kc7 38. f3 Bd5 39. g4 fxg3+ 40.
Kxg3 Bxc6 41. f4 Kd7 42. Re1 Kd6 43. f5 gxf5 44. Kf4 Bd7 45. Kg5 Kd5 46. Kxh5
f4 47. Kg5 Kc4 48. h5 Ba4 49. h6 Bc2 50. Rc1 Kc3 51. Rxc2+ Kxc2 52. h7 Kc3 53.
h8=Q+ Kxb4 54. Qb8+ Ka4 55. Qb6 Ka3 56. Qxa6+ Kb4 57. Qc6 Kb3 58. Qc5 Kb2 59.
Kxf4 Kb1 60. Qc4 Kb2 61. Qe2+ Kc1 62. Ke4 Kb1 63. Qd2 Ka1 64. Kd3 Kb1 65. Kc3
Ka1 66. Qb2# 1-0

[Event "CYCC U08"]
[Site "Windsor CAN"]
[Date "2016.07.08"]
[Round "7.128"]
[White "Baweja, Aayan"]
[Black "Liu, Henry"]
[Result "1-0"]
[WhiteElo "473"]
[BlackElo "740"]
[PlyCount "64"]
[EventDate "2016.07.05"]
[EventType "swiss"]
[EventRounds "7"]
[EventCountry "CAN"]

1. e4 d5 2. exd5 Qxd5 3. Nc3 Qg5 4. Nf3 Qf6 5. b3 Qe6+ 6. Be2 Qh6 7. d3 Qd6 8.
O-O e6 9. Bb2 Be7 10. Nb5 Qf4 11. g3 Qh6 12. Nxc7+ Kd8 13. Nxa8 b6 14. Qc1 Bb7
15. Qxh6 Nxh6 16. Bxg7 Rg8 17. Bxh6 Bxa8 18. Ng5 Bxg5 19. Bxg5+ Rxg5 20. c4 Nc6
21. Rfd1 Ne5 22. h4 Rf5 23. g4 Nf3+ 24. Bxf3 Rxf3 25. d4 f5 26. gxf5 exf5 27.
d5 Bb7 28. d6 f4 29. d7 Rh3 30. Kf1 Rh1+ 31. Ke2 Rxh4 32. b4 Rh3 {...} 1-0

[Event "CYCC U08"]
[Site "Windsor CAN"]
[Date "2016.07.08"]
[Round "7.129"]
[White "Ho, Emmett"]
[Black "Taylor, Aiden"]
[Result "0-1"]
[WhiteElo "664"]
[BlackElo "582"]
[PlyCount "74"]
[EventDate "2016.07.05"]
[EventType "swiss"]
[EventRounds "7"]
[EventCountry "CAN"]

1. e4 e5 2. Nf3 Nc6 3. Nc3 Nf6 4. g3 d5 5. exd5 Nxd5 6. Ne2 Bg4 7. Bg2 Qf6 8.
O-O Bxf3 9. Bxf3 Qxf3 10. c4 Nf6 11. d4 exd4 12. Re1 Qh5 13. Nxd4+ Qe5 14.
Rxe5+ Nxe5 15. Bf4 Nxc4 16. Qe1+ Be7 17. Qe2 c5 18. Re1 O-O 19. Qxc4 Rfe8 20.
Nf5 Bd6 21. Bxd6 Rxe1+ 22. Kg2 Rd8 23. Ne7+ Kh8 24. Qxf7 Nd7 25. Bc7 Rf8 26.
Qb3 Nf6 27. Qxb7 Rxe7 28. Qxa7 Rc8 29. Bd6 Rxa7 30. f4 Rxa2 31. f5 Rxb2+ 32.
Kf3 c4 33. Be5 c3 34. g4 Rb3 35. Kg3 c2+ 36. Kh4 c1=Q 37. Bxf6 Qh6# 0-1

[Event "CYCC U08"]
[Site "Windsor CAN"]
[Date "2016.07.08"]
[Round "7.131"]
[White "Puri, Arjun"]
[Black "Boucher, Samuel"]
[Result "1-0"]
[WhiteElo "565"]
[BlackElo "647"]
[PlyCount "53"]
[EventDate "2016.07.05"]
[EventType "swiss"]
[EventRounds "7"]
[EventCountry "CAN"]

1. e4 e5 2. Nf3 Nc6 3. Nc3 Nf6 4. Bc4 Be7 5. O-O O-O 6. Ng5 h6 7. Nxf7 Rxf7 8.
Bxf7+ Kxf7 9. d3 Qh8 10. Nd5 Nxd5 11. exd5 Nd4 12. Qh5+ g6 13. Qd1 Qf6 14. d6
Bxd6 15. c3 Nb5 16. Qb3+ Ke8 17. d4 a6 18. dxe5 Bxe5 19. Qg8+ Ke7 20. Be3 b6
21. Bxh6 Bf4 22. Qh7+ Kd8 23. Bg7 Qg5 24. Bh6 Qe5 25. Bxf4 Qxf4 26. Qg8+ Qf8
27. Qxf8# 1-0

[Event "CYCC U08"]
[Site "Windsor CAN"]
[Date "2016.07.08"]
[Round "7.116"]
[White "Yuen, Noah"]
[Black "Chang, Alexander RZ"]
[Result "0-1"]
[WhiteElo "1072"]
[BlackElo "886"]
[PlyCount "111"]
[EventDate "2016.07.05"]
[EventType "swiss"]
[EventRounds "7"]
[EventCountry "CAN"]

1. c4 c5 2. g3 g6 3. Bg2 Bg7 4. Nc3 Nf6 5. Nf3 O-O 6. O-O Nc6 7. d3 d6 8. Bg5
e6 9. Ne4 Qe7 10. Nxf6+ Bxf6 11. Bxf6 Qxf6 12. Qd2 Ne5 13. Nxe5 Qxe5 14. e3 Rb8
15. Rab1 b6 16. Qe2 d5 17. cxd5 exd5 18. Qd2 d4 19. e4 Ba6 20. f4 Qe6 21. a3 f5
22. e5 Qb3 23. Rfd1 Bb7 24. Bxb7 Rxb7 25. Qg2 Rc7 26. Kh1 Rd8 27. Qe2 Kf7 28.
Rdc1 Qd5+ 29. Qg2 Qxg2+ 30. Kxg2 b5 31. b3 Ke6 32. Rc2 Kd5 33. Rd2 c4 34. bxc4+
bxc4 35. Rb5+ Rc5 36. dxc4+ Kc6 37. Rb4 Ra5 38. a4 Kc5 39. Rb5+ Rxb5 40. cxb5
Kb4 41. e6 Kc3 42. Rd1 d3 43. Kf3 Kc2 44. e7 Re8 45. Rxd3 Kxd3 46. a5 Rxe7 47.
b6 axb6 48. axb6 Rb7 49. Kf2 Rxb6 50. Kf3 Re6 51. h3 Re3+ 52. Kf2 h6 53. Kg2
Ke2 54. Kg1 Rf3 55. Kh2 Kf2 56. Kh1 0-1

[Event "CYCC U08"]
[Site "Windsor CAN"]
[Date "2016.07.08"]
[Round "7.117"]
[White "Wang, Daniel"]
[Black "Ning, Eric"]
[Result "1-0"]
[WhiteElo "1144"]
[BlackElo "1634"]
[PlyCount "97"]
[EventDate "2016.07.05"]
[EventType "swiss"]
[EventRounds "7"]
[EventCountry "CAN"]

1. e4 c5 2. c3 Nf6 3. e5 Nd5 4. d4 cxd4 5. Nf3 Nc6 6. cxd4 d6 7. Be2 e6 8. O-O
dxe5 9. dxe5 Bc5 10. Bg5 Qc7 11. Re1 Qb6 12. Rf1 Qxb2 13. Nbd2 Nc3 14. Qe1 O-O
15. Bd3 Nb4 16. Nc4 Nxd3 17. Nxb2 Nxe1 18. Rfxe1 Bd7 19. Rac1 Ba3 20. Rxc3 Bxb2
21. Rb3 f6 22. Rxb2 fxg5 23. Nxg5 b6 24. Rd1 Rac8 25. Rbd2 Rfd8 26. h3 h6 27.
Nxe6 Re8 28. Nxg7 Bxh3 29. Nxe8 Rxe8 30. gxh3 Rxe5 31. Rd8+ Kf7 32. R8d7+ Ke8
33. Rxa7 Re7 34. Rxe7+ Kxe7 35. Kg2 Kf6 36. Rd6+ Ke5 37. Rxb6 Kd5 38. a4 h5 39.
a5 Kc5 40. Rb1 h4 41. a6 Kd4 42. a7 Ke4 43. a8=Q+ Kd3 44. Rb3+ Kc4 45. Qa4+ Kc5
46. Rb5+ Kc6 47. Qa6+ Kc7 48. Rb7+ Kc8 49. Qa8# 1-0

[Event "CYCC U08"]
[Site "Windsor CAN"]
[Date "2016.07.08"]
[Round "7.118"]
[White "Qin, Vincent"]
[Black "Chandra, Anand Rishi"]
[Result "0-1"]
[WhiteElo "1168"]
[BlackElo "1310"]
[PlyCount "138"]
[EventDate "2016.07.05"]
[EventType "swiss"]
[EventRounds "7"]
[EventCountry "CAN"]

1. e4 e5 2. Nf3 Nc6 3. Nc3 Nf6 4. Bc4 Bc5 5. d3 h6 6. h3 d6 7. O-O Be6 8. Bxe6
fxe6 9. Be3 Bb6 10. d4 Nxd4 11. Bxd4 exd4 12. Nxd4 Bxd4 13. Qxd4 e5 14. Qc4 Qe7
15. Nd5 c6 16. Nc3 Qf7 17. Qb4 Rd8 18. Rad1 Qe7 19. Rfe1 O-O 20. Qc4+ Kh8 21.
Re3 d5 22. exd5 cxd5 23. Nxd5 Qf7 24. Rxe5 Nxd5 25. Rexd5 Qxf2+ 26. Kh1 Rxd5
27. Qxd5 Qxc2 28. Qd6 Qf5 29. Re1 Rc8 30. Kg1 Rf8 31. Re7 Qf2+ 32. Kh2 Qxb2 33.
Re6 Kg8 34. Qd5 Kh7 35. Qd3+ Kh8 36. Qd6 Kg8 37. Qd5 Kh7 38. Qe4+ Kh8 39. Re7
Qxa2 40. Qxb7 Qa1 41. Qxa7 Qf6 42. Qe3 Qd6+ 43. Qe5 Qg6 44. Re6 Qh7 45. Qd6 Qf5
46. Rg6 Qf4+ 47. Qxf4 Rxf4 48. Kg3 Rf7 49. Kh4 Kh7 50. Rc6 Rd7 51. g4 Rd3 52.
Rc5 g5+ 53. Rxg5 hxg5+ 54. Kxg5 Rxh3 55. Kf4 Rh6 56. g5 Rg6 57. Kf5 Kg7 58. Kg4
Kf8 59. Kh5 Kf7 60. Kg4 Ke6 61. Kh5 Kf5 62. Kh4 Rxg5 63. Kh3 Rg4 64. Kh2 Kf4
65. Kh3 Kf3 66. Kh2 Rg3 67. Kh1 Kf2 68. Kh2 Ra3 69. Kh1 Rh3# 0-1

[Event "CYCC U08"]
[Site "Windsor CAN"]
[Date "2016.07.08"]
[Round "7.119"]
[White "Guo, Yu Chen"]
[Black "Li, Adam"]
[Result "0-1"]
[WhiteElo "495"]
[BlackElo "414"]
[PlyCount "114"]
[EventDate "2016.07.05"]
[EventType "swiss"]
[EventRounds "7"]
[EventCountry "CAN"]

1. e4 e5 2. Nf3 Nc6 3. Bc4 Nf6 4. d3 Bc5 5. c3 d6 6. Nbd2 Bg4 7. h3 Bh5 8. g4
Bg6 9. Nf1 d5 10. exd5 Nxd5 11. d4 exd4 12. cxd4 Bb4+ 13. N1d2 Nf4 14. a3 Ba5
15. b4 Bb6 16. Nf1 Ng2+ 17. Ke2 Qe7+ 18. Be3 Nf4+ 19. Ke1 O-O 20. Be2 Nd5 21.
h4 f5 22. Bg5 Qe6 23. h5 Bf7 24. h6 g6 25. gxf5 Qxf5 26. Ng3 Qe6 27. Qd2 Be8
28. Qd3 a5 29. b5 Nce7 30. Rh4 a4 31. Re4 Ba5+ 32. Nd2 Qd6 33. Bxe7 Nxe7 34.
Qc4+ Bf7 35. Qd3 Rad8 36. Qb1 Nd5 37. Qc2 b6 38. Kf1 Bxd2 39. Qxd2 Be6 40. Nh5
Bh3+ 41. Ke1 gxh5 42. Qg5+ Qg6 43. Qxg6+ hxg6 44. Bc4 Kh7 45. Re5 Nf4 46. Re7+
Kxh6 47. Rxc7 Rxd4 48. f3 Nd3+ 49. Bxd3 Rxd3 50. Rc6 Rfxf3 51. Rxb6 Rb3 52. Ra6
Rf1+ 53. Kd2 Rxa1 54. b6 Raxa3 55. Kc2 Bf5+ 56. Kd2 Ra2+ 57. Kc1 Rb1# 0-1

[Event "CYCC U08"]
[Site "Windsor CAN"]
[Date "2016.07.08"]
[Round "7.120"]
[White "Xu, Daniel"]
[Black "Ripley, Sam"]
[Result "1-0"]
[WhiteElo "1519"]
[BlackElo "697"]
[PlyCount "53"]
[EventDate "2016.07.05"]
[EventType "swiss"]
[EventRounds "7"]
[EventCountry "CAN"]

1. d4 d5 2. c4 e6 3. Nc3 Nf6 4. Bg5 Nbd7 5. Nf3 Bb4 6. e3 O-O 7. Bd3 Nb6 8. c5
Na4 9. Qxa4 Bxc3+ 10. bxc3 Bd7 11. Qc2 h6 12. Bxf6 Qxf6 13. Ne5 Be8 14. O-O Rd8
15. f4 Bd7 16. Rf3 Rfe8 17. Raf1 c6 18. Rg3 b5 19. Rff3 a5 20. Ng4 Qe7 21.
Nxh6+ Kf8 22. Ng4 a4 23. Rh3 g6 24. Rh7 Ra8 25. Rfh3 f5 26. Rh8+ Kg7 27. R3h7#
1-0

[Event "CYCC U08"]
[Site "Windsor CAN"]
[Date "2016.07.08"]
[Round "7.121"]
[White "Zheng, Leon"]
[Black "Vo, Phu"]
[Result "0-1"]
[WhiteElo "604"]
[BlackElo "1357"]
[PlyCount "68"]
[EventDate "2016.07.05"]
[EventType "swiss"]
[EventRounds "7"]
[EventCountry "CAN"]

1. e4 c5 2. c3 d6 3. d4 cxd4 4. cxd4 Nf6 5. Nc3 Nc6 6. d5 Ne5 7. Be3 e6 8. g3
Be7 9. f4 Ned7 10. Bg2 e5 11. Nge2 O-O 12. O-O Ng4 13. Bf2 Nxf2 14. Rxf2 exf4
15. Nxf4 Ne5 16. Qd2 Qb6 17. Raf1 Bg4 18. Qc2 Bf3 19. Na4 Qd4 20. Bxf3 Nxf3+
21. Kh1 Rac8 22. Ne2 Qxf2 23. Rxf2 Rxc2 24. Kg2 Ne1+ 25. Kf1 Nd3 26. Nd4 Rxf2+
27. Kg1 Bf6 28. Nb5 a6 29. Nxd6 Bd4 30. Kh1 Rd8 31. Nxb7 Rc8 32. Nac5 Bxc5 33.
Nxc5 Rxc5 34. Kg1 Rc1# 0-1